000
00213nam a22000857a 4500
008
160715b xxu||||| |||| 00| 0 eng d
100
_9
2913
_a
Bayly, J
245
_a
Winter Flight
260
_a
Eastbourne
_b
Kingsway
_c
1981
999
_c
2478
_d
2478